| 000 | 00442 a2200157 4500 | ||
|---|---|---|---|
| 005 | 20250626131829.0 | ||
| 020 | _a0-07-249446-8 | ||
| 082 | _a658 SHA | ||
| 100 | _aSHAUGHNESSY,John.J | ||
| 245 | _aResearch Methods in Psychology | ||
| 250 | _a6th Ed. | ||
| 260 |
_aBoston _bMcGraw.Hill _c2003 |
||
| 300 |
_axv,543p.;ill Pictere,Tables _bAppendix,Glossary,Index _c24cm |
||
| 700 | _aEugene B Zechmeister,Jeanne S Zechmeister | ||
| 942 |
_2ddc _cBKS |
||
| 999 |
_c5350 _d5350 |
||